| 000 | 00693cam a2200217 i 4500 | ||
|---|---|---|---|
| 005 | 20251108175435.0 | ||
| 008 | 250721s2015 ts gr 000 0 ara d | ||
| 020 | _a9789187373428 | ||
| 041 | 1 |
_aara _heng |
|
| 082 | 1 | 4 |
_a153.9 _bو و ل |
| 100 | 1 |
_aوولتون، ديفيد _eمؤلف. |
|
| 245 | 1 | 2 |
_aالذكاء العاطفي / _cديفيد وولتون ؛ ترجمة ربيع صالح. |
| 250 | _aالطبعة الأولى. | ||
| 264 | 1 |
_aراس الخيمة : _bدار نون للنشر، _c2015. |
|
| 300 | _a200صفحة. | ||
| 650 | 1 | 7 | _aالذكاء. |
| 650 | 1 | 7 | _aالعقل. |
| 700 | 1 |
_aصالح، ربيع _eمترجم. |
|
| 942 |
_2ddc _cBK |
||
| 999 |
_c134171 _d134171 |
||